Essentials of electronic health records
Saved in:
| Main Author: | |
|---|---|
| Format: | Book |
| Language: | English |
| Published: |
: Pearson Education
2012
|
| Tags: |
Add Tag
No Tags, Be the first to tag this record!
|
MARC
| LEADER | 00000nam a22000007a 4500 | ||
|---|---|---|---|
| 008 | 210121b ||||| |||| 00| 0 eng d | ||
| 020 | |a 978-0-708525-5 | ||
| 100 | |a GARTEE, Richard | ||
| 245 | |a Essentials of electronic health records | ||
| 260 | |b : Pearson Education |c 2012 |h Upper Saddle River, NJ |i 680625 |l R864 .G19 | ||
| 942 | |a lcc |c BK |e j o ifatola |f 21/1/2021 | ||
| 952 | |0 0 |1 0 |2 lcc |4 0 |6 R0864 G19 |7 0 |9 1407 |a HOL |b RF |c QZ |d 2021-01-21 |l 0 |o R864 .G19 |r 2021-01-21 00:00:00 |w 2021-01-21 |y BK | ||
| 999 | |c 733 |d 733 | ||